000 00518cam a2200217 4500
001 B2408
008 090401t xxu||||| |||| 00| 0 eng d
035 _a(Sirsi) u49882
041 _aeng
050 _a332.6324
110 _aFuller Peiser
_92056
245 _aProperty portfolio audit
260 _aLondon
_bFuller Peiser
_c1989?
300 _a8p. : ill. ; 32cm.
350 _a0
650 _aPROPERTY ASSETS
650 _aPROPERTY INVESTMENT
650 _aValuation
_96273
942 _n0
948 _c04/03/1997
999 _c92610
_d92610